| 000 | 00871nam a22003017a 4500 | ||
|---|---|---|---|
| 003 | CHAP | ||
| 005 | 20220329133916.0 | ||
| 008 | 971013s1979 r 00010 d | ||
| 010 | _a12569 | ||
| 011 | _a13541 | ||
| 035 | _a17613 | ||
| 040 | _cCHAP | ||
| 082 |
_a660 _bG5 |
||
| 100 | 0 | 0 |
_aGiral, José. _948114 |
| 245 | _aIngeniería de procesos | ||
| 250 | _a2 ed. | ||
| 260 |
_aMéxico, D.F. : _bAlhambra, _c1979 |
||
| 300 |
_a154 p. _b: ilus. |
||
| 590 |
_aBATCH-UPD _b10 _c20130110 _lUCH01 _h2040 |
||
| 590 |
_aBATCH-UPD _b10 _c20130410 _lUCH01 _h1354 |
||
| 590 |
_aBATCH-UPD _b10 _c20130914 _lUCH01 _h1628 |
||
| 590 |
_aCONVERSION _b10 _c20130109 _lUCH01 _h1308 |
||
| 650 | 1 | 4 |
_aIndustrias químicas. _958034 |
| 650 | 1 | 4 |
_aQuímica _xTecnología. _993574 |
| 901 | _aBK | ||
| 942 | _cLIBRO | ||
| 949 |
_a660 G5 _bBC _cLIBRO _d33724000119517 _eLIBRO _gI.c/e _h65678 _i17613 _si |
||
| 999 |
_c12569 _d12569 |
||